00801nam a2200289Ia 4500008004000000020001800040041000800058082001300066100002400079245005800103250000500161260002600166300000900192650000700201650002000208650001100228650001200239650000700251650001000258650001200268650000700280690001700287700002200304906001100326999001900337952015500356210210b2012 xxu||||| |||| 00| 0 eng d a9780321735515 aeng a576 MADB aMADIGAN (Michael T) aBrock biology of microorganisms: global edition Ed 13 a aBostonbPearsonc2012 a1150 aof amicroorganisms: aglobal aedition aEd aBrock abiology a13 aMicrobiology aMARTINKO (John M) a066162 c146579d146579 001040738MicrobiologyaALbALcReferenced2021-02-17eInfo Book Dist, Bangalore.g3914.22l0o576 MADBp066162r2021-02-17 00:00:00w2021-02-17yBK